| 000 | 00792cam a22002055a 4500 | ||
|---|---|---|---|
| 001 | L141176 | ||
| 008 | 071101s1865 xxk eng u | ||
| 035 | _a(Sirsi) u141176 | ||
| 041 | 0 | _aeng | |
| 100 | 1 | _aSmith, Charles | |
| 245 | 0 | 0 |
_aChelmsford, Essex _bparticulars and conditions of sale of...no. 2 Western Terrace...which will be sold by auction by Mr Alfred Darby and Messrs. Chas. Smith and Sons...at The Corn Exchange, Chelmsford on Thursday November 16 1865 at three for four o'clock... |
| 260 |
_aS.l. _bs.n. _c[1865] |
||
| 300 |
_a2 leaves _c33 x 21 cm. |
||
| 340 | _aPrinted | ||
| 351 | _cSingle item | ||
| 651 | 4 | _aEssex | |
| 690 | _aPROPERTY-PROPERTY ACQUISITION AND DISPOSAL-ACQUISITION AND DISPOSAL AT AUCTION | ||
| 710 | 2 |
_aCharles Smith and Sons _95437 |
|
| 942 | _n0 | ||
| 999 |
_c116645 _d116645 |
||